[Event "Newport Open"]
[Site "Newport"]
[Date "2025.08.16"]
[Round "2"]
[Board "9"]
[White "Davis, Colin"]
[Black "Kett, Timothy J"]
[Result "1/2-1/2"]
[WhiteElo "1955"]
[BlackElo "2077"]
[WhiteFideId "-1"]
[WhiteFideId "-1"]
[PlyCount "44"]
[GameId "2212675978605265"]
[EventDate "2025.08.15"]
[EventType "swiss"]
[EventRounds "5"]
[EventCountry "WLS"]

1. Nf3 c5 2. b3 Nc6 3. Bb2 d6 4. c4 e5 5. Nc3 g6 6. g3 Bg7 7. d3 f5 8. Bg2 Nf6 9. O-O O-O 10. Ne1 f4 11. Nd5 Nxd5 12. Bxd5+ Kh8 13. Bg2 Qg5 14. Nf3 Qh5 15. Nd2 fxg3 16. hxg3 Nd4 17. Bxd4 cxd4 18. Ne4 Bg4 19. Re1 Bh6 20. a3 Rad8 21. Ra2 b6 22. Rf1 Rd7 1/2-1/2

[Event "Newport Open"]
[Site "Newport"]
[Date "2025.08.16"]
[Round "2"]
[Board "10"]
[White "Majeed, Haroon"]
[Black "Addis, Joseph"]
[Result "1-0"]
[WhiteElo "2059"]
[BlackElo "1925"]
[WhiteFideId "-1"]
[WhiteFideId "-1"]
[PlyCount "75"]
[GameId "2212676793799397"]
[EventDate "2025.08.15"]
[EventType "swiss"]
[EventRounds "5"]
[EventCountry "WLS"]

1. e4 c6 2. d4 d5 3. e5 c5 4. Nf3 cxd4 5. Nxd4 Nc6 6. Nxc6 bxc6 7. Bd3 e6 8. Be3 Nh6 9. c3 Nf5 10. Bxf5 exf5 11. O-O Be7 12. Nd2 O-O 13. Nb3 f6 14. exf6 Bxf6 15. Qd2 Re8 16. Rfe1 a5 17. Bd4 Re4 18. f3 Bg5 19. Qf2 Rxe1+ 20. Rxe1 f4 21. Qd2 Bf5 22. Be5 Qb6+ 23. Kh1 Bh4 24. Re2 a4 25. Nd4 Bd7 26. Qxf4 c5 27. Qxh4 cxd4 28. Bxd4 Qg6 29. Qe1 Rb8 30. Re7 Re8 31. h3 Qf7 32. Rxe8+ Qxe8 33. Qg3 Qe7 34. b4 g6 35. Bc5 Qe8 36. Qd6 Bc6 37. Bd4 Qd7 38. Qf6 1-0

[Event "Newport Open"]
[Site "Newport"]
[Date "2025.08.16"]
[Round "2"]
[Board "11"]
[White "Norris, Zack"]
[Black "Howells, S Wyn"]
[Result "1-0"]
[WhiteElo "2035"]
[BlackElo "1750"]
[WhiteFideId "-1"]
[WhiteFideId "-1"]
[PlyCount "63"]
[GameId "2212677756605167"]
[EventDate "2025.08.15"]
[EventType "swiss"]
[EventRounds "5"]
[EventCountry "WLS"]

1. Nf3 Nf6 2. g3 d5 3. Bg2 g6 4. O-O Bg7 5. c4 c6 6. d4 dxc4 7. a4 a5 8. Na3 Be6 9. Ng5 Qd7 10. Qc2 Na6 11. Nxe6 Qxe6 12. Qxc4 Qd6 13. Bf4 Qb4 14. Bxc6+ Kf8 15. Bg2 Nh5 16. Be3 Nf6 17. Qxb4 Nxb4 18. Bxb7 Rb8 19. Bf3 Nfd5 20. Rac1 Nxe3 21. fxe3 Bh6 22. Kf2 Kg7 23. Rc5 Rhc8 24. Rfc1 Rxc5 25. Rxc5 f5 26. Rxa5 Kf6 27. Rb5 Rxb5 28. Nxb5 Nc2 29. e4 Be3+ 30. Kg2 Nxd4 31. Nc7 Nb3 32. Nd5+ 1-0

[Event "Newport Open"]
[Site "Newport"]
[Date "2025.08.16"]
[Round "2"]
[Board "12"]
[White "Szakmany, Bence"]
[Black "Dixon, Chris"]
[Result "1-0"]
[WhiteElo "2008"]
[BlackElo "1775"]
[WhiteFideId "-1"]
[WhiteFideId "-1"]
[PlyCount "71"]
[GameId "2212678812549881"]
[EventDate "2025.08.15"]
[EventType "swiss"]
[EventRounds "5"]
[EventCountry "WLS"]

{[%evp 0,71,11,21,-7,34,39,11,-82,9,-37,22,47,31,40,21,44,36,34,35,43,24,28,30,29,8,43,45,44,62,63,39,58,54,63,87,62,26,42,14,17,17,20,-4,35,38,34,-8,-50,-3,23,-1,16,12,72,-200,-190,-417,-566,-525,-143,53,276,216,307,318,310,407,367,385,325,432,302,486]} 1. e4 d5 2. exd5 Qxd5 3. h3 Nf6 4. Nf3 Bf5 5. Nc3 Qd8 6. g4 Bg6 7. Bg2 c6 8. Ne5 Nbd7 9. Nxg6 hxg6 10. d4 e6 11. Qd3 Qc7 12. Bg5 Qa5 13. Bd2 Qc7 14. O-O-O Bd6 15. Qf3 Nb6 16. Kb1 Nbd5 17. Ne2 b5 18. Rhe1 Rc8 19. Nc3 Nxc3+ 20. Qxc3 O-O 21. Qf3 Nd5 22. h4 Bf4 23. Re4 Bxd2 24. Rxd2 Qa5 25. Rd1 b4 26. Rh1 Rb8 27. Ree1 Nc3+ 28. bxc3 bxc3+ 29. Kc1 Qa3+ 30. Kd1 Qxa2 31. Qxc3 c5 32. dxc5 Rfd8+ 33. Ke2 Qa6+ 34. Kf3 Qc6+ 35. Kg3 Qc7+ 36. Qe5 1-0

[Event "Newport Open"]
[Site "Newport"]
[Date "2025.08.16"]
[Round "2"]
[Board "13"]
[White "Turner, Joseph David"]
[Black "Jones, Derek C"]
[Result "1-0"]
[WhiteElo "1809"]
[BlackElo "1957"]
[WhiteFideId "-1"]
[WhiteFideId "-1"]
[PlyCount "53"]
[GameId "2212680441611083"]
[EventDate "2025.08.15"]
[EventType "swiss"]
[EventRounds "5"]
[EventCountry "WLS"]

1. e4 e6 2. Nc3 d5 3. Nf3 c5 4. Bb5+ Nc6 5. exd5 exd5 6. Qe2+ Nge7 7. Ne5 f6 8. Nxc6 bxc6 9. Bxc6+ Bd7 10. Bxa8 Qxa8 11. O-O Kf7 12. d3 Ng6 13. Qh5 d4 14. Ne4 Bc6 15. f3 c4 16. dxc4 Be7 17. Re1 Rd8 18. Bd2 Kg8 19. Qf5 Kh8 20. Rad1 d3 21. cxd3 Ne5 22. Ba5 Rxd3 23. Rxd3 Nxd3 24. Re2 g6 25. Qe6 Qe8 26. Bc3 Bc5+ 27. Nxc5 1-0

[Event "Newport Open"]
[Site "Newport"]
[Date "2025.08.16"]
[Round "2"]
[Board "14"]
[White "Mcilroy, Gerard"]
[Black "Farani Sani, Hamid"]
[Result "1/2-1/2"]
[WhiteElo "1952"]
[BlackElo "1774"]
[WhiteFideId "-1"]
[WhiteFideId "-1"]
[PlyCount "98"]
[GameId "2212681358230358"]
[EventDate "2025.08.15"]
[EventType "swiss"]
[EventRounds "5"]
[EventCountry "WLS"]

{[%evp 0,85,11,22,33,22,45,11,39,48,84,14,26,42,34,42,60,67,81,76,65,56,66,64,55,73,57,51,-10,42,36,-149,-148,-135,-73,-174,-172,-226,-182,-277,-301,-369,-86,-86,60,11,60,72,102,120,98,226,122,139,120,230,164,101,94,95,140,95,88,90,136,41,251,127,170,180,111,175,175,177,239,315,247,201,245,224,201,243,201,329,227,214,205,206]} 1. d4 c5 2. d5 Nf6 3. c4 b5 4. cxb5 a6 5. b6 e6 6. Nc3 Qxb6 7. e4 Bb7 8. Bc4 Be7 9. Nf3 exd5 10. exd5 O-O 11. O-O d6 12. Re1 Re8 13. Bg5 Nbd7 14. Qd3 h6 15. Bxh6 gxh6 16. Nh4 Ne5 17. Qg3+ Kh7 18. Rxe5 dxe5 19. d6 Rg8 20. Qe3 Ng4 21. Qd3+ e4 22. Nxe4 Kh8 23. dxe7 Qxb2 24. Rb1 Bxe4 25. Rxb2 Bxd3 26. Bxd3 c4 27. Bxc4 Rac8 28. Bf1 Rge8 29. h3 Ne5 30. Nf5 Rc1 31. Re2 Ng6 32. g4 Nf4 33. Re3 Rd1 34. Rf3 Ng6 35. Re3 Nf4 36. Nxh6 Kg7 37. Nf5+ Kf6 38. Re4 Nxh3+ 39. Kg2 Ng5 40. Ra4 Rxe7 41. Nxe7 Kxe7 42. Bxa6 Rd2 43. Kg3 f6 44. Bb5 Ne6 45. Re4 Kd6 46. a4 Rb2 47. Kf3 Ng5+ 48. Ke3 Nxe4 49. Kxe4 Rxf2 1/2-1/2

[Event "Newport Open"]
[Site "Newport"]
[Date "2025.08.16"]
[Round "2"]
[Board "15"]
[White "Davis, Lee"]
[Black "Quinn, Peter"]
[Result "1-0"]
[WhiteElo "1907"]
[BlackElo "1719"]
[WhiteFideId "-1"]
[WhiteFideId "-1"]
[PlyCount "105"]
[GameId "2212682819117937"]
[EventDate "2025.08.15"]
[EventType "swiss"]
[EventRounds "5"]
[EventCountry "WLS"]

{[%evp 0,72,11,31,9,22,31,1,41,30,14,12,31,25,23,16,40,46,49,64,74,82,72,81,90,81,106,110,110,88,96,79,81,84,81,85,97,90,79,92,105,33,-86,26,42,47,129,132,154,152,192,189,223,191,256,177,168,178,161,184,198,177,208,207,218,288,320,176,331,183,174,138,196,156,80]} 1. d4 Nf6 2. Nf3 c5 3. c4 d6 4. g3 cxd4 5. Nxd4 e5 6. Nb5 Nc6 7. Bg2 a6 8. N5c3 Be6 9. Nd5 Be7 10. Nbc3 O-O 11. O-O Rc8 12. Be3 Bxd5 13. Nxd5 Nxd5 14. Bxd5 Bg5 15. Bxg5 Qxg5 16. Rc1 Rc7 17. e3 Rfc8 18. h4 Qf6 19. Qd2 Ne7 20. b3 Nxd5 21. Qxd5 Qe6 22. Rcd1 Qxd5 23. Rxd5 Rc6 24. Rfd1 Kf8 25. Rxd6 Rxd6 26. Rxd6 Ke7 27. Rd5 Ke6 28. e4 g6 29. f4 f6 30. Kf2 h5 31. Ke3 Rc7 32. c5 Rc6 33. b4 b6 34. cxb6 Rxb6 35. a3 Rc6 36. fxe5 fxe5 37. Rc5 Rd6 38. Ra5 Rc6 39. Kd3 Rd6+ 40. Kc4 Rc6+ 41. Rc5 Rd6 42. Rd5 Rc6+ 43. Kb3 Rc8 44. a4 Rc6 45. b5 axb5 46. axb5 Rc1 47. Kb4 Re1 48. b6 Rxe4+ 49. Kc5 Re1 50. Rd6+ Ke7 51. Rxg6 e4 52. b7 Rb1 53. Rb6 1-0

[Event "Newport Open"]
[Site "Newport"]
[Date "2025.08.16"]
[Round "2"]
[Board "16"]
[White "Wynarczyk, Raymond"]
[Black "Richards, Gareth"]
[Result "1/2-1/2"]
[WhiteElo "1827"]
[BlackElo "1587"]
[WhiteFideId "-1"]
[WhiteFideId "-1"]
[PlyCount "133"]
[GameId "2212684196295557"]
[EventDate "2025.08.15"]
[EventType "swiss"]
[EventRounds "5"]
[EventCountry "WLS"]

1. e4 e5 2. Nf3 Nc6 3. Bc4 Nf6 4. d3 Bc5 5. c3 a5 6. Bg5 O-O 7. O-O d6 8. d4 exd4 9. cxd4 Bb6 10. Nc3 h6 11. Bh4 g5 12. Nxg5 hxg5 13. Bxg5 Bxd4 14. Nd5 Bxb2 15. Rb1 Bd4 16. Qf3 Kg7 17. Rfd1 Be5 18. Rd3 Bxh2+ 19. Kxh2 Ng4+ 20. Qxg4 Bxg4 21. Bxd8 Raxd8 22. Rg3 Ne5 23. Be2 Rh8+ 24. Kg1 Rh4 25. Ne3 Rdh8 26. Nf5+ Kf6 27. Nxh4 Bxe2 28. Nf3 Nxf3+ 29. gxf3 b5 30. Rc1 c5 31. e5+ dxe5 32. Rxc5 Rd8 33. Rc2 Bc4 34. a4 Rd1+ 35. Kh2 Kf5 36. axb5 Bxb5 37. Rc5 Be2 38. Rxa5 Rd3 39. Kg2 Rd4 40. Ra3 f6 41. Re3 Rd2 42. Rh3 Kg5 43. Rh8 Bc4 44. Rc3 Rd4 45. Rh3 Be6 46. Rg3+ Kf5 47. Rc1 Rd3 48. Rh1 Bd5 49. Re1 e4 50. fxe4+ Bxe4+ 51. f3 Rd2+ 52. Kg1 Bd5 53. Rf1 Kf4 54. Rh3 f5 55. Rf2 Rd3 56. Kg2 Kg5 57. Kh2 Rd1 58. Kg2 Rd3 59. Kf1 Kf4 60. Ke2 Rb3 61. Rh4+ Kg3 62. Rhh2 Bc4+ 63. Kd1 Bd3 64. Rb2 Rxb2 65. Rxb2 Kxf3 66. Ke1 f4 67. Rb3 1/2-1/2

[Event "Newport Open"]
[Site "Newport"]
[Date "2025.08.16"]
[Round "3"]
[Board "1"]
[White "Rathbone-Jones, Ifan"]
[Black "Saunders, Aron"]
[Result "0-1"]
[WhiteElo "2208"]
[BlackElo "2166"]
[WhiteFideId "-1"]
[WhiteFideId "-1"]
[PlyCount "92"]
[GameId "2212686190654351"]
[EventDate "2025.08.15"]
[EventType "swiss"]
[EventRounds "5"]
[EventCountry "WLS"]

1. d4 d5 2. Nf3 Nf6 3. c4 c6 4. Nc3 dxc4 5. g3 Bf5 6. Ne5 e6 7. Bg2 Nbd7 8. Nxc4 Be7 9. e4 Bg6 10. O-O b5 11. Ne3 b4 12. e5 Nd5 13. Ne4 O-O 14. h4 h6 15. h5 Bh7 16. Qg4 Kh8 17. Rd1 N7b6 18. Bd2 Rc8 19. Rac1 a5 20. Nc5 Nd7 21. Nxd7 Qxd7 22. Nc4 Qa7 23. b3 Rfd8 24. Ne3 a4 25. Nxd5 cxd5 26. Qe2 Bc2 27. Re1 axb3 28. axb3 Bxb3 29. Qf3 Qxd4 30. Be3 Qxe5 31. Bc5 Rxc5 32. Rxe5 Rxc1+ 33. Kh2 Bf6 34. Qxb3 Bxe5 35. Qxb4 Bf6 36. Qd2 Rcc8 37. f4 d4 38. g4 d3 39. g5 Bc3 40. Qd1 hxg5 41. fxg5 Be5+ 42. Kh3 d2 43. Bf3 Rc1 44. Qa4 Rc3 45. Qd1 Rxf3+ 46. Kh4 Rd4# 0-1

[Event "Newport Open"]
[Site "Newport"]
[Date "2025.08.16"]
[Round "3"]
[Board "2"]
[White "Ashworth, Michael"]
[Black "Ndhlovu, Lahende"]
[Result "0-1"]
[WhiteElo "2053"]
[BlackElo "2200"]
[WhiteFideId "-1"]
[WhiteFideId "-1"]
[PlyCount "92"]
[GameId "2212687534371737"]
[EventDate "2025.08.15"]
[EventType "swiss"]
[EventRounds "5"]
[EventCountry "WLS"]

1. d4 Nf6 2. Nf3 g6 3. b4 Bg7 4. e3 O-O 5. Bb2 b6 6. Nbd2 Bb7 7. c4 d6 8. Be2 Nbd7 9. O-O e6 10. b5 a6 11. a4 Re8 12. Nb3 a5 13. Rc1 Ne4 14. Qc2 Rc8 15. Nfd2 Nxd2 16. Nxd2 e5 17. Bf3 Bxf3 18. Nxf3 e4 19. Nd2 f5 20. Ba3 Qg5 21. c5 dxc5 22. dxc5 h5 23. cxb6 cxb6 24. Qa2+ Kh7 25. Rxc8 Rxc8 26. Qe6 Rc7 27. Bd6 Ra7 28. Rc1 Qf6 29. Qd5 Qb2 30. Rc8 Nf6 31. Qd4 Qa2 32. Nf1 Ng4 33. Qd2 Qxa4 34. Qd5 Rd7 35. Qg8+ Kh6 36. Rc6 Rxd6 37. Rxd6 Qxb5 38. Qf7 Ne5 39. Qe6 a4 40. h4 a3 41. Rxb6 Qe2 42. Ng3 Qe1+ 43. Kh2 Qxf2 44. Nxf5+ Kh7 45. Nxg7 Nf3+ 46. Kh3 Qxh4# 0-1

[Event "Newport Open"]
[Site "Newport"]
[Date "2025.08.16"]
[Round "3"]
[Board "3"]
[White "Beaumont, Chris R"]
[Black "Norris, Zack"]
[Result "1/2-1/2"]
[WhiteElo "2142"]
[BlackElo "2035"]
[WhiteFideId "-1"]
[WhiteFideId "-1"]
[PlyCount "174"]
[GameId "2212688731780012"]
[EventDate "2025.08.15"]
[EventType "swiss"]
[EventRounds "5"]
[EventCountry "WLS"]

1. d4 Nf6 2. Nf3 g6 3. c4 Bg7 4. Nc3 O-O 5. e4 d6 6. Be2 e5 7. O-O Na6 8. Be3 h6 9. dxe5 dxe5 10. Qc1 Ng4 11. Rd1 Qe8 12. Bd2 Kh7 13. h3 Nf6 14. Be3 Be6 15. Rb1 Nd7 16. b4 c6 17. Qa3 Qe7 18. c5 Nc7 19. b5 Nxb5 20. Nxb5 cxb5 21. Bxb5 Rfd8 22. Ba4 Nf6 23. Rxd8 Rxd8 24. Bb3 Bd7 25. Nd2 Bc6 26. f3 Rd3 27. Nf1 a6 28. Qa5 Nh5 29. Bc4 Rd7 30. Qe1 Nf4 31. Kh2 Ne6 32. Bxe6 Qxe6 33. Rb2 f5 34. Nd2 Bb5 35. Bf2 Bf8 36. Nb3 Bc6 37. Na5 Bb5 38. Rd2 f4 39. Qd1 {(=)} Rc7 40. Rd5 g5 41. Qa1 Bg7 42. Be1 b6 43. Rd6 Qe7 44. cxb6 Qxd6 45. bxc7 Qxc7 46. Qc3 Qd6 47. Qc8 Bd7 48. Qc2 h5 49. Nc4 Qc7 50. Ne3 Qxc2 51. Nxc2 Kg6 52. Nb4 Bb5 53. Bc3 Kf7 54. Nd5 Bc4 55. Nc7 Ke7 56. a3 Kd7 57. Ba5 Bf8 58. Na8 Kc6 59. Nb6 Bb3 60. a4 Bc5 61. Nd5 Bxd5 62. exd5+ Kxd5 63. Bd8 g4 64. hxg4 hxg4 65. fxg4 Bf2 66. g5 e4 67. g6 Ke6 68. Kh3 e3 69. Bb6 Bg1 70. g7 Kf7 71. Ba5 Kxg7 72. Kg4 Bh2 73. Be1 Kf6 74. g3 fxg3 75. Bxg3 Bxg3 76. Kxg3 Ke5 77. Kf3 Kd4 78. Ke2 Ke4 79. Ke1 Ke5 80. Ke2 Kf4 81. Ke1 Ke5 82. Ke2 Kd4 83. Ke1 Kc3 84. Ke2 Kb3 85. Kxe3 Kxa4 86. Kd2 Kb3 87. Kc1 Ka2 1/2-1/2

[Event "Newport Open"]
[Site "Newport"]
[Date "2025.08.16"]
[Round "3"]
[Board "4"]
[White "Varley, Peter"]
[Black "Fathallah, Joe"]
[Result "1/2-1/2"]
[WhiteElo "2117"]
[BlackElo "1985"]
[WhiteFideId "-1"]
[WhiteFideId "-1"]
[PlyCount "56"]
[GameId "2212692943352761"]
[EventDate "2025.08.15"]
[EventType "swiss"]
[EventRounds "5"]
[EventCountry "WLS"]

1. f4 d5 2. Nf3 Nf6 3. g3 g6 4. Bg2 Bg7 5. O-O O-O 6. d3 c5 7. Nc3 d4 8. Na4 Nfd7 9. c4 Nc6 10. Rb1 e5 11. e4 dxe3 12. Bxe3 Nd4 13. Nxe5 Nxe5 14. fxe5 Qc7 15. Nc3 Bxe5 16. Nd5 Qd6 17. Qd2 Bf5 18. Rbe1 Rae8 19. Bh6 Bg7 20. Bg5 f6 21. Bf4 Qd7 22. Be3 b6 23. Nf4 Kh8 24. Bd5 Ne6 25. Nh5 Bh3 26. Nxg7 Nxg7 27. Rf2 Nf5 28. Bg2 Bxg2 1/2-1/2

[Event "Newport Open"]
[Site "Newport"]
[Date "2025.08.16"]
[Round "3"]
[Board "5"]
[White "Honey, Luke Anthony"]
[Black "Eggington, David C"]
[Result "1-0"]
[WhiteElo "2082"]
[BlackElo "1960"]
[WhiteFideId "-1"]
[WhiteFideId "-1"]
[PlyCount "65"]
[GameId "2212693800723422"]
[EventDate "2025.08.15"]
[EventType "swiss"]
[EventRounds "5"]
[EventCountry "WLS"]

{[%evp 0,65,11,22,29,54,22,21,24,28,15,24,21,41,-11,31,29,18,17,26,54,85,195,153,67,135,132,53,63,-5,81,47,47,38,33,32,278,260,248,193,257,228,247,218,212,241,266,267,252,228,-1,240,117,243,275,171,277,266,272,274,274,269,414,361,663,625,693,337]} 1. e4 c6 2. d4 d5 3. Nc3 dxe4 4. Nxe4 Nf6 5. Nxf6+ exf6 6. c3 Bd6 7. Bd3 O-O 8. Ne2 Re8 9. O-O h5 10. Nf4 Qc7 11. Nxh5 Bxh2+ 12. Kh1 Bd6 13. f4 f5 14. Qf3 f6 15. Qh3 Qf7 16. Bxf5 Bxf5 17. Qxf5 g6 18. Nxf6+ Kf8 19. Nh7+ Kg8 20. Qxf7+ Kxf7 21. Ng5+ Kg7 22. Bd2 Nd7 23. Rae1 Nf6 24. Rxe8 Rxe8 25. Re1 Rxe1+ 26. Bxe1 Nd5 27. Bd2 b5 28. g3 a5 29. Kg2 a4 30. Kf3 b4 31. c4 Nc3 32. bxc3 b3 33. axb3 1-0

[Event "Newport Open"]
[Site "Newport"]
[Date "2025.08.16"]
[Round "3"]
[Board "6"]
[White "Jukes, Sam"]
[Black "Majeed, Haroon"]
[Result "0-1"]
[WhiteElo "1971"]
[BlackElo "2059"]
[WhiteFideId "-1"]
[WhiteFideId "-1"]
[PlyCount "72"]
[GameId "2212695118418919"]
[EventDate "2025.08.15"]
[EventType "swiss"]
[EventRounds "5"]
[EventCountry "WLS"]

1. e4 c5 2. Nf3 e6 3. d4 cxd4 4. Nxd4 a6 5. Bd3 Bc5 6. Nb3 Be7 7. O-O d6 8. c4 Nf6 9. Nc3 Nbd7 10. Be3 O-O 11. f4 b6 12. Qe2 Bb7 13. Rad1 Qc7 14. Nd4 Nc5 15. Bc1 Nxd3 16. Qxd3 Rac8 17. b3 b5 18. Bb2 bxc4 19. Qe2 cxb3 20. axb3 Qb6 21. Kh1 Rfd8 22. Rf3 Qc7 23. Rg3 Bf8 24. Nf3 d5 25. Ng5 Nxe4 26. Ncxe4 dxe4 27. Rf1 h6 28. Qh5 Rd3 29. Be5 Qd7 30. Nh3 Rxg3 31. hxg3 f5 32. g4 Qf7 33. Qh4 e3 34. Re1 Rc2 35. Rg1 fxg4 36. Qxg4 Qf5 0-1

[Event "Newport Open"]
[Site "Newport"]
[Date "2025.08.16"]
[Round "3"]
[Board "7"]
[White "Kett, Timothy J"]
[Black "Pleasants, Allan J"]
[Result "0-1"]
[WhiteElo "2077"]
[BlackElo "1960"]
[WhiteFideId "-1"]
[WhiteFideId "-1"]
[PlyCount "90"]
[GameId "2213035383638999"]
[EventDate "2025.08.15"]
[EventType "swiss"]
[EventRounds "5"]
[EventCountry "WLS"]

1. e4 d6 2. f4 g6 3. Nf3 Bg7 4. Nc3 Nf6 5. Be2 O-O 6. O-O c5 7. Qe1 Nc6 8. Qh4 Nd4 9. Bd1 b5 10. d3 b4 11. Ne2 Qb6 12. Nexd4 cxd4 13. f5 gxf5 14. Bh6 Kh8 15. Ng5 e5 16. exf5 Bb7 17. Bf3 Rac8 18. Rf2 Rc5 19. Re1 Qc7 20. Bxb7 Qxb7 21. Bxg7+ Kxg7 22. Ne4 Nxe4 23. f6+ Kh8 24. Rxe4 Rg8 25. Qh6 Rg6 26. Qh5 Qc8 27. Ree2 e4 28. Qh4 e3 29. Rf1 Rxc2 30. Rxc2 Qxc2 31. Qe4 Qxb2 32. g3 Rg8 33. Qd5 e2 34. Re1 Qd2 35. Kf2 Qe3+ 36. Kg2 Qxd3 37. Qf3 Qxf3+ 38. Kxf3 Rg6 39. Rxe2 Rxf6+ 40. Kg4 Re6 41. Rd2 a5 42. Rxd4 Re2 43. a3 bxa3 44. Ra4 a2 45. Rxa5 Rxh2 0-1

[Event "Newport Open"]
[Site "Newport"]
[Date "2025.08.16"]
[Round "3"]
[Board "8"]
[White "Turner, Joseph David"]
[Black "Szakmany, Bence"]
[Result "0-1"]
[WhiteElo "1809"]
[BlackElo "2008"]
[WhiteFideId "-1"]
[WhiteFideId "-1"]
[PlyCount "86"]
[GameId "2213036534840288"]
[EventDate "2025.08.15"]
[EventType "swiss"]
[EventRounds "5"]
[EventCountry "WLS"]

1. e4 c5 2. a3 e5 3. Nc3 g6 4. Bc4 Nc6 5. d3 Bg7 6. Nd5 h6 7. h4 Nf6 8. h5 g5 9. Ne2 d6 10. Ng3 Nxd5 11. Bxd5 Ne7 12. Ba2 d5 13. exd5 Nxd5 14. Qf3 Nf4 15. Bxf4 exf4 16. O-O O-O 17. Ne4 Qc7 18. g4 Qd7 19. Nxc5 Qxg4+ 20. Qxg4 Bxg4 21. Nxb7 Bxb2 22. Rab1 Bxa3 23. f3 Bxh5 24. Bd5 Rac8 25. c4 Be7 26. Rfe1 Bf6 27. Kg2 Bg6 28. Nd6 Rb8 29. Ne4 Bd4 30. Rb5 Rxb5 31. cxb5 Rd8 32. Bc4 Kg7 33. Rd1 f5 34. Nd2 g4 35. Rh1 h5 36. Re1 h4 37. Re7+ Kf6 38. Re6+ Kg5 39. Nb3 Bb6 40. fxg4 h3+ 41. Kxh3 fxg4+ 42. Kg2 Bxd3 43. Re5+ Kh4 0-1

[Event "Newport Open"]
[Site "Newport"]
[Date "2025.08.16"]
[Round "3"]
[Board "9"]
[White "Tapp, James"]
[Black "Bani Hani, Madged"]
[Result "1-0"]
[WhiteElo "2004"]
[BlackElo "1843"]
[WhiteFideId "-1"]
[WhiteFideId "-1"]
[PlyCount "97"]
[GameId "2213038166191756"]
[EventDate "2025.08.15"]
[EventType "swiss"]
[EventRounds "5"]
[EventCountry "WLS"]

{[%evp 0,68,11,22,19,3,23,15,22,-2,13,27,44,31,37,32,29,34,37,21,24,36,36,14,11,33,52,81,65,66,79,70,54,38,30,32,55,57,40,45,51,51,50,41,56,48,35,55,111,125,216,181,293,286,296,306,443,537,443,557,503,465,513,555,489,538,532,508,515,526,516]} 1. d4 d5 2. c4 c6 3. Nf3 Nf6 4. g3 Bf5 5. Nc3 Nbd7 6. Qb3 Qb6 7. c5 Qxb3 8. axb3 a6 9. h3 e6 10. g4 Be4 11. Nxe4 Nxe4 12. b4 Rc8 13. Bf4 Be7 14. e3 f6 15. Bd3 h5 16. Ke2 g5 17. Bh2 hxg4 18. hxg4 Kf7 19. Bxe4 dxe4 20. Nd2 f5 21. gxf5 exf5 22. Nc4 Kg6 23. Na5 b6 24. Nc4 b5 25. Nb6 Nxb6 26. cxb6 f4 27. exf4 Rb8 28. f5+ Kxf5 29. Bxb8 Rxb8 30. Rxa6 Bd8 31. Rh8 Rxb6 32. Rxb6 Bxb6 33. Ke3 Bc7 34. Rf8+ Ke6 35. Kxe4 Bd6 36. Rc8 Kd7 37. Rg8 Be7 38. f3 Ke6 39. b3 Bf6 40. Rg6 Kf7 41. Kf5 Be7 42. Rxc6 Bxb4 43. Rc7+ Ke8 44. Ke6 Kd8 45. Rh7 Bc3 46. d5 Kc8 47. d6 Bd4 48. Re7 Bc5 49. Rc7+ 1-0

[Event "Newport Open"]
[Site "Newport"]
[Date "2025.08.16"]
[Round "3"]
[Board "10"]
[White "Kong, Emma Zihan"]
[Black "Davis, Colin"]
[Result "0-1"]
[WhiteElo "1825"]
[BlackElo "1955"]
[WhiteFideId "-1"]
[WhiteFideId "-1"]
[PlyCount "76"]
[GameId "2213039426293398"]
[EventDate "2025.08.15"]
[EventType "swiss"]
[EventRounds "5"]
[EventCountry "WLS"]

1. d4 d6 2. c4 e5 3. dxe5 dxe5 4. Qxd8+ Kxd8 5. Nc3 Be6 6. e3 Nd7 7. Nf3 f6 8. Be2 Bb4 9. Bd2 a5 10. b3 Nc5 11. O-O c6 12. Rfd1 Ke7 13. Ne1 Rd8 14. Nf3 Rxd2 15. Nxd2 Bxc3 16. Rac1 Bxd2 17. Rxd2 Nh6 18. f3 Nf5 19. Kf2 h5 20. Rcd1 g5 21. h3 g4 22. e4 g3+ 23. Kg1 Nd4 24. Bd3 Bxh3 25. Bc2 Bc8 26. f4 Nce6 27. f5 Nf4 28. Re1 h4 29. Bd1 c5 30. Re3 Rd8 31. Kh1 Bd7 32. a3 Bc6 33. Bg4 Nxf5 34. Rxd8 Nxe3 35. Rg8 Kf7 36. Rh8 Nxg4 37. Rxh4 Nf2+ 38. Kg1 Bxe4 0-1

[Event "Newport Open"]
[Site "Newport"]
[Date "2025.08.16"]
[Round "3"]
[Board "11"]
[White "Garcia Hernandez, Oscar"]
[Black "Wynarczyk, Raymond"]
[Result "1-0"]
[WhiteElo "2083"]
[BlackElo "1827"]
[WhiteFideId "-1"]
[WhiteFideId "-1"]
[PlyCount "87"]
[GameId "2213040494210729"]
[EventDate "2025.08.15"]
[EventType "swiss"]
[EventRounds "5"]
[EventCountry "WLS"]

1. e4 d6 2. d4 Nf6 3. Nc3 e5 4. Nge2 Be7 5. h3 Nbd7 6. g4 h6 7. Bg2 a6 8. a4 Rb8 9. a5 b5 10. axb6 Nxb6 11. O-O Bb7 12. Ng3 g6 13. b3 Nfd7 14. dxe5 Nxe5 15. f4 Ned7 16. Nd5 Nxd5 17. exd5 Bf6 18. Re1+ Kf8 19. Ra2 Bh4 20. Re3 Nb6 21. c4 Bxg3 22. Qd4 f6 23. Rxg3 Kf7 24. Re2 Re8 25. Rxe8 Qxe8 26. Re3 Qh8 27. Bb2 Nd7 28. g5 hxg5 29. fxg5 Ne5 30. gxf6 Qxf6 31. c5 Re8 32. cxd6 cxd6 33. Qa7 Qe7 34. Bxe5 dxe5 35. d6 Qxd6 36. Qxb7+ Re7 37. Qe4 Qd4 38. Qxd4 exd4 39. Rxe7+ Kxe7 40. h4 Kf6 41. Be4 a5 42. Kf2 g5 43. h5 g4 44. h6 1-0

[Event "Newport Open"]
[Site "Newport"]
[Date "2025.08.16"]
[Round "3"]
[Board "12"]
[White "Farani Sani, Hamid"]
[Black "Young, Alan J"]
[Result "1-0"]
[WhiteElo "1774"]
[BlackElo "1986"]
[WhiteFideId "-1"]
[WhiteFideId "-1"]
[PlyCount "77"]
[GameId "2213041596886707"]
[EventDate "2025.08.15"]
[EventType "swiss"]
[EventRounds "5"]
[EventCountry "WLS"]

1. f4 d5 2. e3 Nf6 3. Nf3 g6 4. d4 Bg7 5. Bd3 O-O 6. Nbd2 Bg4 7. c3 c6 8. O-O Nbd7 9. h3 Bxf3 10. Nxf3 e6 11. Ne5 Rc8 12. b3 Re8 13. Qf3 Nf8 {(=)} 14. g4 Rc7 15. Ba3 Kh8 16. g5 Ng8 17. h4 f5 18. h5 Bxe5 19. dxe5 c5 20. Rad1 Ree7 21. e4 dxe4 22. Bxe4 Red7 23. Bc2 b6 24. h6 Ne7 25. Bd3 Rd5 26. Bb5 a6 27. Bc4 Rxd1 28. Rxd1 Rd7 29. Rxd7 Qxd7 30. Bxa6 Qd2 31. Bf1 Nd5 32. c4 Nxf4 33. Qb7 Qd4+ 34. Kh1 Nh5 35. Qf7 Qh4+ 36. Kg1 Qxg5+ 37. Bg2 Qe3+ 38. Kh2 Qxh6 39. Bc1 {Time loss} 1-0

[Event "Newport Open"]
[Site "Newport"]
[Date "2025.08.16"]
[Round "3"]
[Board "13"]
[White "Shepherd, Tom"]
[Black "Dixon, Chris"]
[Result "1-0"]
[WhiteElo "1960"]
[BlackElo "1775"]
[WhiteFideId "-1"]
[WhiteFideId "-1"]
[PlyCount "77"]
[GameId "2213043001102022"]
[EventDate "2025.08.15"]
[EventType "swiss"]
[EventRounds "5"]
[EventCountry "WLS"]

1. d4 d5 2. Nf3 Nf6 3. c4 e6 4. cxd5 exd5 5. Nc3 c6 6. Qc2 Be7 7. Bf4 O-O 8. h3 Nbd7 9. e3 Re8 10. Bd3 Nf8 11. O-O Be6 12. Rab1 a5 13. Bh2 Bd6 14. Ne5 Qc7 15. Rfc1 Rac8 16. a3 N6d7 17. Nf3 Bxh2+ 18. Nxh2 Qd8 19. b4 axb4 20. Rxb4 b5 21. a4 bxa4 22. Nxa4 Qa5 23. Rbb1 Rb8 24. Rxb8 Rxb8 25. Nf3 Rb4 26. Nc5 Qa3 27. Nxd7 Bxd7 28. Ne5 Be8 29. Be2 Rb2 30. Qd1 Rxe2 31. Ra1 Qb2 32. Ra8 Rxf2 33. Qg4 Qd2 34. Rxe8 f5 35. Qg5 Qe1+ 36. Kh2 Qb4 37. Qg3 Ra2 38. Nd7 h6 39. Rxf8+ 1-0